Städte nach Bild (Europa) - Statistiken

Allgemein
  • Dieses Quiz wurde 140 mal gespielt
  • Das Durchschnittsergebnis liegt bei 12 aus 15
Antwortstatistiken
Bildquiz Antwort % Korrekt
Berlin
98%
Moskau
98%
Venedig
98%
Paris
97%
Athen
96%
Hamburg
94%
Amsterdam
93%
London
90%
Rom
81%
Barcelona
80%
Istanbul
80%
Prag
64%
Budapest
54%
Warschau
37%
Valletta
21%
Keine übereinstimmenden Quizze gefunden
Verteilung der Resultate
Anzahl Personen mit jedem Resultat
Perzentil nach korrekt beantworteten Fragen
Ihre Resultats-Entwicklung
Sie haben dieses Quiz noch nicht gespielt